Statistics for NRL Odd One Out

Click here to take the quiz!

General Stats

  • This quiz has been taken 16 times
  • The average score is 3 of 10

Answer Stats

QuestionAnswer% Correct
Pick the odd one out (R_G_Y..E_ _A_S)Luke O'Donnell
53%
Pick the odd one out (E_G_ _ _ _M_N)Brett Finch
47%
Pick the odd one out (I_ _ _ G_ _ U_ .. F_LL_ _C_S)Wade McKinnon
47%
Pick the odd one out (K_W_..F_ _WA _ _ S)Jacob Lillyman
40%
Pick the odd one out (B_L_ _ _S..P_ _M_E_S_ _P)Michael Ennis
33%
Pick the odd one out (L_ _T..F_O_ _R_)Brett Kimmorley
27%
Pick the odd one out (KA_ _R_ _ _..C_ _ _H_S)Des Hasler
27%
Pick the odd one out (C_ _ V_ _T_N_..W_N_ _R_)Jamie Soward
27%
Pick the odd one out (D_ _L_..M..W_ _N_ _S)Brett Stewart
13%
Pick the odd one out (N_V_R..P_ _Y_ -..F_R..A..Q_ _..C_U_)Corey Parker
7%

Score Distribution

Percentile by Number Answered

Percent of People with Each Score

Your Score History

You have not taken this quiz